| 000 | 02577nam0a2200337 i 4500 | ||
|---|---|---|---|
| 001 | RU\NLR\BIBL_A\010414289 | ||
| 005 | 20260408114034.0 | ||
| 010 | _a9785990515239 | ||
| 021 |
_aRU _b2014-34475 _92103 |
||
| 035 | _a(NILC)RuMoRGB-007491859 | ||
| 035 | _a(NLR Aleph) 010414289 | ||
| 090 |
_a9778596 _c9778596 |
||
| 100 | _a20140709d2014 k y0rusy50 ca | ||
| 101 | 0 | _arus | |
| 102 | _aRU | ||
| 105 | _aa z 100yy | ||
| 200 | 1 |
_aНаучное обеспечение развития производства зерна на Северо-Западе России _e[сборник научных трудов по материалам заседаний Президиума СЗРНЦ и научного координационного Совета по земледелию и растениеводству при СЗРНЦ в 2013 году ] _fФедеральное агентство науч. орг., Северо-Западный регион. науч. центр _g[редкол.: В. Д. Попов и др.] |
|
| 210 |
_aСанкт-Петербург, г. Пушкин _cГНУ Северо-Западный региональный научный центр _d2014 |
||
| 215 |
_a108 с. _cил. _d21 |
||
| 320 | _aБиблиогр. в конце ст. | ||
| 606 | 1 |
_aЗерновые культуры _jСборники _yРоссийская Федерация _yСеверо-Запад _92225887 _3RU\NLR\AUTH\6601569148 |
|
| 686 | 1 | _aП212-4(2Р31,3)я43 | |
| 702 | 1 |
_4340 _8rus _7ca _aПопов _bВ. Д. _cд-р техн. наук, с.-х. производство _f1949- _gВладимир Дмитриевич _3RU\NLR\AUTH\7723364 _96417 |
|
| 711 | 0 | 2 |
_aРоссийская академия сельскохозяйственных наук _bСеверо-Западный региональный научный центр _bПрезидиум _9413957 _3RU\NLR\AUTH\880373753 |
| 711 | 0 | 2 |
_aРоссийская академия сельскохозяйственных наук _bСеверо-Западный региональный научный центр _bНаучный координационный совет по земледелию и растениеводству _9413959 _3RU\NLR\AUTH\880373754 |
| 712 | 0 | 2 |
_4570 _aРоссийская академия сельскохозяйственных наук _bСеверо-Западный региональный научный центр _3RU\NLR\AUTH\880367624 _9401925 |
| 801 | 0 |
_aRU _bРГБ _c20140519 _gRCR |
|
| 942 | _cBOOK | ||
| 980 | _aNBR | ||